[Event "Aalborg Fibertex Cup blindfold"]
[Site "Aalborg"]
[Date "2006.02.04"]
[Round "2"]
[White "Carlsen, Magnus"]
[Black "Schandorff, Lars"]
[Result "1-0"]
[WhiteElo "2625"]
[BlackElo "2521"]
[Annotator "Lukacs,P"]
[PlyCount "49"]
[EventDate "2006.02.03"]
[EventType "tourn (rapid)"]
[EventRounds "6"]
[EventCountry "DEN"]
[EventCategory "14"]
[SourceTitle "CBM 112"]
[Source "ChessBase"]
[SourceDate "2006.06.07"]
[SourceVersion "1"]
[SourceVersionDate "2006.06.07"]
[SourceQuality "1"]

1. e4 c6 2. d4 d5 3. e5 Bf5 4. Nc3 e6 5. g4 Bg6 6. Nge2 c5 7. h4 h5 8. Nf4 Bh7
9. Nxh5 cxd4 10. Nb5 Nc6 (10... Be4 $5 11. Rh3 Nc6 12. Nxd4 Nxe5 $5 {-
Antal-Flumbort, Budapest 2002 CBM 89}) 11. Nxd4 Nge7 (11... Nxd4 $6 {-
Shirov-Yermolinsky, Wijk aan Zee 1999 CBM 89}) (11... Qc7 $6 {is rather
useless now.} 12. Nxc6 Qxc6 (12... bxc6 13. f4 $16) 13. Bd3 Bxd3 14. cxd3 d4
15. O-O {White is not afraid of the h <->, because Black has problems with his
development.} g6 16. Ng3 Bg7 17. Re1 {The e5 P is the key of the position.} Qd5
18. Qe2 Rxh4 19. Bg5 Rh3 20. Rac1 $16 {Sax-Berg, Aahus 1993}) ({There is no
need to hurry with} 11... Nxe5 12. Bf4 Nc6 13. Bb5 Rc8 14. Qe2 Qd7 (14... Nge7
$5) (14... Nf6 $6 15. Bg5 $1) 15. Bxc6 $1 bxc6 16. Nf5 $1 $36 {with a very
complicated tactical battle.} (16. Qe5 Nf6 $1 17. O-O-O (17. Nxf6+ gxf6 18.
Qxf6 Rg8 $44) 17... c5 $1 18. Nb3 c4 $13 {Schoenicz-Heinze, Germany 1998})) 12.
c3 (12. Rh3 $6 a6 {- Grischuk-Bareev, Corus Wijk aan Zee 2003 CBM 93}) (12. Bb5
$6 {(1/2:1/2 Kreiman-Seirawan, USA-ch Seattle 2002)} a6 $1 {and again White
cannot hold his active position.} 13. Ba4 (13. Nxc6 Nxc6) 13... b5 14. Bb3 Nxd4
15. Qxd4 Nc6 16. Qe3 Qc7 17. O-O Na5 18. Qe2 Nxb3 19. axb3 Qxc2 $17 {
Svetushkin-Piankov, Ciudad de Ubeda op 2000}) (12. Bg5 Qa5+ (12... Nxe5 13.
Nf6+ (13. Bb5+ Nd7 14. Qd2 (14. Qe2 a6 15. Bxd7+ Qxd7 16. O-O-O O-O-O $13)
14... a6 15. Bxd7+ Qxd7 16. Bf6 O-O-O $44) 13... gxf6 14. Bxf6 N7c6 $5 {
This is nice, but still White has some advantage after} 15. Bxd8 Nxd4 16. Bf6
Bb4+ (16... Nef3+ 17. Qxf3 Nxf3+ 18. Kd1) 17. c3 Nef3+ 18. Qxf3 Nxf3+ 19. Ke2
$14) 13. c3 Nxd4 (13... Nxe5 $2 {founders on the typical blow} 14. Nf6+ $1 gxf6
15. Bxf6 N5g6 (15... N7g6 16. h5 $16) 16. h5 $16) 14. Qxd4 Nc6 15. Qf4 Qb6 {
- Fedorov-Dreev, Moscow Aeroflot op 2003 CBM 94} (15... d4 $6 {This is not a
very successful novelty.} 16. Rh3 $1 $16 {Bringing the R into action on the
third rank, Fedorov-Belov, Istanbul 2003 CBM 096.})) 12... Nxe5 (12... a6 {
- Najer-Dreev, Poikovsky 2006 CBM 112}) 13. Bg5 (13. Bb5+ Nd7 (13... N7c6 $6
14. Bf4 $16 {and the pin is very nasty.}) (13... N5c6 14. Bg5 Qc8 $1 (14... Qb6
15. Qe2 (15. O-O e5 $17) (15. Be3 Qc7 $13) 15... a6 16. Bxe7 axb5 $1 (16...
Bxe7 17. Nxg7+ Kf8 18. Ngxe6+ fxe6 19. Bxc6 bxc6 20. Qe5 $16) 17. Bf6 $5 Be4
18. f3 gxf6 19. fxe4 Nxd4 20. cxd4 $40) 15. Bxe7 $142 (15. O-O a6 (15... f6 $5
{deserves serious attention, because the sacrifices do not seem to be correct.}
) 16. Ba4 {- Grischuk-Seirawan, Moscow 2002 CBM 090}) (15. Qe2 $5 {/\ 0-0-0 is
another aggressive plan in these type of positions.}) 15... Bxe7 16. Nxg7+ Kf8
17. Nh5 Bg6 $13) 14. Bg5 (14. Bh6 {is parried by the cold-blooded} Rg8) 14...
a6 15. Ba4 $5 {was the logical move keeping the tension.} (15. Bxd7+ $2 Qxd7
16. Qe2 O-O-O $15 {- Carlsen-Bareev, Khanty Mansiysk 2005 CBM 111}) 15... e5 (
15... b5 16. Bc2) 16. Nf5 Bxf5 17. gxf5 b5 18. Bb3 f6 19. Be3 $36) 13... Nd7 {
This retreat looks a bit passive.} (13... N5c6 $142 {seems to be more natural.}
14. Bb5 {- 13..Bb5} (14. Bf6 Rg8 {Black has to play without nerves!} 15. Qa4 (
15. Nxc6 bxc6) 15... Qb6 16. O-O-O O-O-O {and White's |^ vanishes.}) (14. Qa4
Qb6 15. O-O-O O-O-O 16. Nxc6 bxc6 17. Nxg7 $1 Bxg7 18. Bxe7 Rd7 $44)) 14. Bg2
$5 {[%mdl 8]} (14. Bb5 {- 13.Bb5}) 14... Nc5 (14... Qb6 $5 {/\ 0-0-0 is a
serious alternative.} 15. Qe2 (15. O-O O-O-O $1 (15... Qxb2 {is too greedy!}
16. Bxe7 $1 Kxe7 (16... Bxe7 $2 {founders on the devastating sacrifice} 17.
Nxg7+ Kd8 18. Ndxe6+ $40) 17. Nf4 $44) 16. Qe2 $142 (16. Nxg7 Bxg7 17. Bxe7 {
wins the P but loses the activity.} Rde8 18. Bg5 Ne5 $17) (16. Rc1 Ne5 $17) (
16. Nf4 Nc5 $17) 16... e5 17. Nb3 Kb8 18. Rad1 f6 19. Be3 Qc6 20. c4 $1 $13 {
with a very sharp tactical skirmish.}) 15... O-O-O $1 16. Nxg7 (16. O-O {
- 15.0-0}) 16... Bxg7 17. Bxe7 Rde8 18. Bg5 Bxd4 19. cxd4 e5 20. Rc1+ Kb8 21.
dxe5 f6 $1 22. Bf4 Nxe5 23. O-O Ka8 $13 {with unclear consequences.}) 15. O-O
Ne4 $2 {[#] This allows White to blow up the [+].} (15... Qd7 16. Nb3 (16. Be3
O-O-O $5) (16. Bf6 Rg8) 16... Ne4 17. Be3 Bg6 18. c4 $13) (15... Qb6 16. b4 $5
(16. Nb3 O-O-O 17. Nxc5 (17. Be3 Nc6) 17... Qxc5 $13) (16. Be3 $2 Qxb2 $17)
16... Ne4 17. Be3 O-O-O 18. Qa4 a6 19. b5 $13) 16. c4 $1 {This is the point,
only the opening of the position counts.} (16. Bh6 $5 {may win the g7 P, but
this is not so important.} Rg8 $5 {deserves attention.} (16... Qd6 17. Nb5 $1 (
17. Nxg7+ Bxg7 18. Bxg7 Rg8 19. Bh6 O-O-O) 17... Qd7 18. c4 O-O-O 19. Be3 $16)
(16... Qd7 17. Nxg7+ (17. Bxg7 $5) 17... Bxg7 18. Bxg7 Rg8 19. Be5 Ng6 20. Bg3
Nxg3 (20... O-O-O 21. h5) 21. fxg3 Ne5 22. g5 $16) (16... Qb6 17. Nxg7+ Bxg7
18. Bxg7 Rg8 19. Be5 O-O-O 20. Qb3 $14)) 16... Nxg5 17. hxg5 Qd7 18. cxd5 exd5
$6 {Now Black is unable to finish the development.} (18... Nxd5 19. Bxd5 $1
exd5 (19... Qxd5 20. Qa4+ Qd7 21. Nb5 {and White's lead of development will be
decisive.} Bd3 22. Nc7+ Ke7 (22... Kd8 23. Nxe6+ $1) 23. Qb4+ Kd8 24. Qxb7 Rc8
25. Rfd1 $1 $18) (19... Rd8 20. Nxe6 $1 fxe6 21. Bc4 $16) 20. Re1+ Kd8 21. Nf3
$1 Qxg4+ 22. Ng3 $40 {and the K is very vulnerable in the middle of the board.}
) 19. Rc1 Bg6 20. Re1 $18 {The rooks on the opened lines are real killers.}
Bxh5 21. gxh5 Kd8 22. g6 Nc6 23. gxf7 Be7 24. Ne6+ Kc8 25. Bxd5 1-0

[Event "Biel GM"]
[Site "Biel"]
[Date "2006.07.25"]
[Round "2"]
[White "Carlsen, Magnus"]
[Black "Morozevich, Alexander"]
[Result "1-0"]
[WhiteElo "2675"]
[BlackElo "2731"]
[Annotator "Mikhalevski,V"]
[PlyCount "83"]
[EventDate "2006.07.24"]
[EventType "tourn"]
[EventRounds "10"]
[EventCountry "SUI"]
[EventCategory "17"]
[SourceTitle "CBM 114"]
[Source "ChessBase"]
[SourceDate "2006.10.02"]
[SourceVersion "1"]
[SourceVersionDate "2006.10.02"]
[SourceQuality "1"]

1. d4 Nf6 2. c4 g6 3. Nc3 Bg7 4. e4 d6 5. Nf3 O-O 6. Be2 e5 7. O-O Nc6 8. d5
Ne7 9. a4 {This is a rare line of the Classical system. White starts an
offensive on the queenside without weakening the a1-h8 diagonal, which seems
to be logical comparing to the Bayonet attack. However the line also has a
drawback - White weakens the b4-square, which Black exploits by means of} a5
10. b3 $5 {[%cal Gb3b4,Gc1a3] Preparing Ba3 followed by b4. Curiously this
idea was almost never being tested before.} ({Earlier White played mostly} 10.
Ne1 Nd7 11. Nd3 f5 12. exf5 gxf5 13. Ra3 Ng6 14. Kh1 Rf7 15. f4 b6 16. Nb5 Nf6
17. fxe5 dxe5 18. Nf2 Bf8 19. Rb3 Bd7 20. Bg5 Bc5 21. Qb1 e4 22. Nh3 Be7 23.
Qc1 $16 {Larsen,B-Gabriel,C, Bad Homburg 1998/CBM 66[Huzman].}) ({One recent
game saw the immediate} 10. Ra3 {, which doesn't look too promising.} Nd7 11.
Nh4 Nc5 12. g3 f5 13. exf5 Nxf5 14. Nxf5 Bxf5 $15 {0-1 Gonzalez Zamora,
J-Dominguez Aguilar,G/Mexico City MEX 2006(49). and Black obtained a good
position.}) 10... Nd7 11. Ba3 {Magnus is consistent in his plans.} ({A mix of
two plans in the following game doesn't look convincing.} 11. Ne1 Nc5 12. Ba3
b6 13. b4 axb4 14. Bxb4 f5 15. f3 Bd7 16. a5 Na6 17. Ba3 bxa5 18. c5 (18. Nd3
$5 {[%cal Gc4c5] preparing c5.}) 18... Nxc5 19. Bxc5 dxc5 20. d6 cxd6 21. Qxd6
Bc6 $17 {Lehikoinen,P-Virtanen,A/Finland 2003. and White doesn't have
sufficient compensation for the sacrificed material.} (21... Rf6 $5)) 11... Bh6
{[%csl Rg5][%cal Gf7f5] This idea is also typical for the Bayonet attack.
Black takes control of the g5-square, which White could exploit in case of the
immediate f5 playing Ng5, like in the game below.} ({In a fresh game Black
tested} 11... f5 $6 12. Ng5 $1 Nf6 (12... Nc5 $5) 13. c5 $1 h6 14. cxd6 cxd6
15. Ne6 Bxe6 16. dxe6 $16 Nxe4 17. Nxe4 fxe4 18. Qxd6 Nf5 19. Qxd8 Rfxd8 20. e7
Rd7 21. Bb5 $18 {1-0 Oosterom,E-Nijs,N/Vlissingen NED 2006.}) 12. b4 axb4 13.
Bxb4 {It's interesting that the same position arises in the Bayonet attack (9.
b4) with an extra tempo since here White played first b3 and only then b4. So
either Carlsen is so sure in this position even a tempo down or he's
unfamiliar with this line of the Bayonet attack. The latter seems to me less
likely.} f5 14. Nd2 {White supports the centre and sometimes brings the knight
to b3 to prepare c5.} Kh8 {A useful prophylactic move. Black takes his king
away from the a2-g8 diagonal to a safer square in the corner of the board.} 15.
a5 Rf7 {For those who are familiar with the similar line of the Bayonet attack
all these ideas are well known. Black makes another useful move and leaves the
knight on d7 for one more move in order to prevent c5.} 16. Nb5 {White not
only activates his knight and creates some pressure on the queenside, but also
frees the c3-square for the dark-squared bishop.} Nf6 {Black finds no useful
moves anymore and attacks the centre. The move however has a serious drawback
- Black allows c5.} 17. c5 dxc5 18. Bc3 $5 {[%csl Re5] Trying to exploit the
weakness of the e5-pawn.This retreat in the Bayonet attack is a speciality of
Vladimir Kramnik. Carlsen shows that he's familiar with this idea and thus
refutes my earlier assumption that he's unfamiliar with this line of the
Bayonet attack.} ({In case of} 18. Bxc5 {White has to be ready to sacrifice a
piece after} Bxd2 19. Qxd2 Nxe4 20. Qb2 $1 {[%csl Re5] It's very difficult to
find this move.} Nxc5 21. Qxe5+ Kg8 22. Nxc7 {and it turns out that White is
slightly better. I.e.} Rb8 ({or} 22... Nd7 23. Qc3 Ra7 24. Rfd1 Nf6 25. d6 Nc6
26. Bc4 $16) 23. d6 (23. Rfb1 $5) 23... Ne4 24. dxe7 Qxe7 25. Qxe7 Rxe7 26.
Bc4+ Kg7 27. Nd5 $14) 18... c6 19. dxc6 bxc6 $6 {After this inaccurate move
Black will be unable to protect the e5-pawn and thus White obtains a serious
initiative.} (19... Nxc6 $1 {was necessary and after} 20. Nc4 Rd7 21. Qc2 {
Black sacrifices an exchange and gets serious compensation.} Nxe4 22. Nb6 Rb8
23. Nxd7 Bxd7 {[%cal Gc6d4] with Nd4 to follow. The resulting position is very
complicated and both sides have their chances.}) 20. Na3 {[%cal Ga3c4] From
here the knight is ready to jump to c4.} fxe4 $6 {Black wants the d5-square
for his knights. However, Black had to distract the white pieces from the
e5-pawn.} (20... Bxd2 $1 {I understand that exchanging the dark-squared bishop
looks bad, but in this case it seems to be playable and even necessary.
Sometimes concrete approach prevails on positional aspects of the position and
this seems to be the case.} 21. Nc4 {[%csl Rd8] Exploiting the pin along the
d-file.} (21. Bxd2 Nxe4 22. Bc3 $1 Qxd1 23. Bxe5+ Kg8 24. Rfxd1 Rxa5 25. f3 Ng5
26. Nc4 Rxa1 27. Rxa1 Nd5 28. Nd6 Rf8 29. Ra7 Ne6 {and Black should be able to
hold the position.}) 21... Nxe4 22. Bxe5+ Kg8 23. f3 Qd5 $1 24. fxe4 Be3+ 25.
Nxe3 Qxe5 26. Ng4 $3 fxg4 27. Qd8+ Kg7 28. Rxf7+ Kxf7 29. Rf1+ Nf5 30. Bc4+ Kg7
31. Qg8+ Kh6 32. exf5 gxf5 (32... Ba6 $2 33. Qxa8 Bxc4 34. Qf8+ Kg5 35. fxg6 $1
$18) 33. Kh1 $14 (33. Qf8+ Kg5 34. Kh1 Ba6 $1 35. Qxa8 Bxc4 36. Rg1 Bd5 37.
Qd8+ Kg6 38. a6 Bxg2+ $1 39. Rxg2 Qe1+ 40. Rg1 Qe4+ 41. Rg2 $11)) 21. Nac4 $1
Ned5 22. Bxe5 Bg7 (22... Kg8 $5) 23. Nd6 Re7 24. N2c4 {White is only a pawn
down, but all his minor pieces are nicely situated.} Be6 $2 {This is already a
serious mistake. The a-pawn shouldn't be left unattended.} 25. a6 $1 {[%csl
Ga6] The a-pawn goes forward immediatly.} (25. Qb3 {[%cal Gb3b2] with the idea
of Qb2 also looked strong.}) 25... Nb4 $5 (25... Rea7 $2 {would be strongly
met by} 26. Na5 $1 {[%csl Rc6]}) 26. Qc1 Nd3 $6 ({White's idea behind 26.Qc1
can be seen in the following line.} 26... Rxa6 27. Rxa6 Nxa6 28. Qa1 $1 {
with a double attack on a6 and f6.} Ra7 29. f3 $1 e3 30. Nxe3 $16 {and White
is clearly better.}) ({Probably Morozevich should have tried} 26... Nxa6 27.
Qf4 Rea7) 27. Bxd3 exd3 28. Qc3 $6 {This seems to be an inaccuracy.} (28. Rd1
$5 {would be more precise.}) 28... Bxc4 $1 29. Qxc4 Qg8 $1 {Covering the
f7-square.} 30. Qxc5 d2 (30... Rxe5 {would probably lead to a position similar
to the game.} 31. Qxe5 Nd5 {[%csl Ra1,Re5]} 32. Qe1 Bxa1 33. Qxa1+ Qg7 34. Qa4
Qc7 35. Qd4+ Kg8 36. Ne4 Rxa6 37. Qxd3 $14 {[%csl Rg8] and White is better
thanks to the vulnerability of the black king.}) 31. Rad1 $6 (31. Nc4 $1 {
deserved serious attention.}) 31... Rxa6 $6 {Returning the favour.} (31... Qd5
$1 {was much better. However it was very difficult to spot the following idea.}
32. Qc3 Rxe5 $1 33. Qxe5 Rxa6 $1 {and it turns out that White can't win the
d2-pawn.} 34. Qxd5 cxd5 35. Nf7+ Kg8 36. Ng5 Ra2 $11 {[%csl Gd2][%cal Gg7h6]
with the idea of Bh6 and Black looks ok.}) 32. Rxd2 $16 {Now the unsecure
position of the black king and activity of white pieces yield White chances
for a win.} Nd5 33. Bxg7+ Rxg7 $6 (33... Kxg7 34. Qd4+ Nf6 {was better.}) 34.
h3 $6 {Now it's White's turn to return a favour.} ({After} 34. Re2 $1 {it
would be very difficult for Black to defend his king.} Re7 (34... Nc7 $5 35.
Qe5 Ra8 $16 {is the only defense.}) 35. Rxe7 Nxe7 36. Ne8 $3 {[%csl Rh8]} Qxe8
37. Qc3+ Kg8 38. Qc4+ $18) 34... Qe6 $1 35. Rb1 $1 h6 $1 {Black finds only
moves to stay in the game.} 36. Qc4 $1 Rb6 ({After} 36... Rga7 $1 {White would
have to find} 37. Rdb2 $3 {and eventually a position with R+N+1 extra pawn on
the kingside arises as well as it could happen in the game.} Ra1 (37... Qxd6
38. Rb8+ Kg7 39. R1b7+ Kf6 (39... Ne7 40. Rg8+ $1 Kf6 41. Rf8+ $1 {and mate on
the next move.}) 40. Qd4+ Kg5 41. Rxa7 Rxa7 42. Qxa7 $18) 38. Qxc6 Rc7 39. Qe8+
Qxe8 40. Nxe8 Rc1+ 41. Rxc1 Rxc1+ 42. Kh2 $16) 37. Rxb6 Qe1+ 38. Kh2 Nxb6 $2 {
The decisive mistake.} (38... Qxd2 {was necessary.} 39. Rxc6 Qf4+ 40. Qxf4 Nxf4
$16 {and Black still maintains chances for a draw.}) 39. Qf4 $1 {[%cal Gf4f8]}
Nd5 $2 {Loses on the spot, however Black's position was already hopeless.} (
39... Qe7 {against Qf8 was Black's best defense. Still after} 40. Qxh6+ Kg8 41.
Qf4 Nd5 42. Qg3 $18 {White should be able to convert his extra pawn in a win.})
40. Rxd5 $1 cxd5 41. Qf8+ Kh7 (41... Rg8 42. Qxh6#) 42. Ne8 {[%cal Ge8f6] A
nice mating construction. Black can't prevent huge material losses and so he
resigned. The line introduced by Carlsen deserves further tests.} 1-0